000 01240nam a2200313Ia 4500
003 OSt
005 20221007125637.0
006 a|||||r|||| 00| 0
007 ta
008 221006b |||||||| |||| 00| 0 eng d
020 _a0444519041 (pbk)
_cRs.4915.90
024 _a17949
037 _b1353/2005-06, 20/03/2006, Educational Book Agency (India)
_cTextual
040 _aCDL
_cCDL
_beng
041 _2eng
_aeng
082 _aE:(9S), P5 Carc
100 _aDykstra Clifford E Ed.
_9722254
245 0 _aTheory and applications of computational chemisry: The first forty years
_b Frenking Gernot Ed. Kim Kwang S Ed. Scuseria Gustavo E Ed.
260 _aAmsterdam
_bElsevier
_c2005
300 _axxvii, 1308p.
_ccm.
500 _aIncludes bibliographical references.; Index 1267-1308p.
650 _a Computational chemistry
650 _aChemistry
700 _a Frenking Gernot Ed.
_9722255
700 _a Kim Kwang S Ed.
_9722256
700 _a Scuseria Gustavo E Ed.
_9722257
942 _hE:(9S), P5 Carc
_cTEXL
_2CC
999 _c1215638
_d1215638